000 00545nam a2200193Ia 4500
005 20250508150245.0
008 008 250505s9999 xx 000 0 eng d
037 _aTextual
040 _aFEDL
_beng
_cFEDL
041 _aeng
_2eng
084 _a331.114 23, MOR
_qFEDL
100 _aMorgan E. Victor
245 0 _aConquest of unemployment
260 _aLondon, UK
_bSampson Low, Marston and Co., Ltd.
_c1947
300 _axii,182p
650 _aEconomics
942 _cTEXL
_h331.114 23, MOR
999 _c1322684
_d1322684